000 00828nam a2200241Ia 4500
003 OSt
005 20220923223507.0
006 a|||||r|||| 00| 0
007 ta
008 220922b |||||||| |||| 00| 0 hin d
024 _a217,762
037 _cTextual
040 _aARTS
_cARTS
_bhin
041 _2hin
_ahin
082 _aP1520aY, 152P3
100 _aद्विवेदी, हजारी प्रसाद
245 0 _aविश्व भाषा हिंदी संस्कृति और समाज
246 _aVishva bhāṣhā hiandī sanskṛuti aur samāja
260 _aदिल्ली
_b प्रभात
_c2003
300 _a147i`
_ccm.
942 _hP1520aY, 152P3
_cTEXL
_2CC
999 _c365728
_d365728